LEADER 00825nam a2200205 i 4500 001 000000154322 003 CaOOAMICUS 005 20061014000000.0 008 061014s1988 it u000 u ita u 013 $a131668 040 $aSeMil$bita 100 1 $aBologna, Giulia,$d<1926- >.$0(OLS)http://semarc/name/949 245 10$aDediche della Trivulziana alla Comunità Europea /$cGiulia Bologna. 260 $a[Milano] :$bComune di Milano,$c1988. 300 $a164 p. :$bill. ;$c34 cm. 500 $aAi pie' del front : Biblioteca Trivulziana. 850 $aSeMil 852 $aSeMil$W1$xVenegono$y1$m5I IX 17$j106182$B106182$CSeMilBibl$Z2$F115374 $8I 996 $6245$aDediche della Trivulziana alla Comunità Europea$9(OLS)http://semarc/title/225858 996 $6260$a[Milano] :$bComune di Milano$9(OLS)http://semarc/publisher/33024 LEADER 01053nam a2200241 i 4500 001 000000164290 003 CaOOAMICUS 005 20070911000000.0 008 070911s1951 it u000 u ita u 013 $a141657 040 $aSeMil$bita 100 1 $aPascarella, Cesare,$d<1858-1940>.$0(OLS)http://semarc/name/56193 245 13$aLa scoperta dell'America e altri sonetti /$cdi Cesare Pascarella ; a cura dell' Accademia dei Lincei. 260 $a[Milano] :$bArnoldo Mondadori Editore,$c1951. 300 $a144 p. ;$c19 cm. 490 0 $aBiblioteca moderna Mondadori ;$v246 700 1 $aAccademia dei Lincei .$0(OLS)http://semarc/name/8077 830 0$aBiblioteca moderna Mondadori ;$v246.$0(OLS)http://semarc/title/8674 850 $aSeMil 852 $aSeMil$W1$xVenegono$y1$m1B II 354$j239947$B115558$CSeMilBibl$Z2$F126461 $81 961 $aRecupero: Altro 996 $6245$aLa scoperta dell'America e altri sonetti$9(OLS)http://semarc/title/234392 996 $6260$a[Milano] :$bArnoldo Mondadori Editore$9(OLS)http://semarc/publisher/29634 LEADER 00843nam a2200229 i 4500 001 000000167503 003 CaOOAMICUS 005 20071204000000.0 008 071204s1937 it u000 u ita u 013 $a144887 040 $aSeMil$bita 100 1 $aBuck, Pearl Sydenstricker,$d<1892-1973>.$0(OLS)http://semarc/name/33160 245 13$aLa madre /$cRomanzo di Pearl S. Buck. 260 $a[Milano] :$bArnoldo Mondadori Editore,$c1937. 300 $a253 p. ;$c20 cm. 490 0 $aMedusa ;$v88. 830 0$aMedusa ;$v88.$0(OLS)http://semarc/title/6850 850 $aSeMil 852 $aSeMil$W1$xVenegono$y1$m1W II 476$j248847$B118654$CSeMilBibl$Z2$F129538 $81 961 $aRecupero: Altro 996 $6245$aLa madre$9(OLS)http://semarc/title/45676 996 $6260$a[Milano] :$bArnoldo Mondadori Editore$9(OLS)http://semarc/publisher/29634 LEADER 00989nam a2200241 i 4500 001 000000043165 003 CaOOAMICUS 005 20090805000000.0 008 090805s1975 fr u000 u fre u 013 $a14335 040 $aSeMil$bita 100 1 $aBraun, François-Marie,$c.$0(OLS)http://semarc/name/7467 245 13$aLa foi chrétienne selon saint Jean /$cF.-M. Braun. 260 $aParis :$bGabalda,$c1975. 260 $aParis :$bLecoffre,$c1975. 300 $a170 p. ;$c18 cm. 650 4$aFede - Teologia fondamentale.$0(OLS)http://semarc/subject/172 650 4$aBibbia - NT - Giovanni - Fede.$0(OLS)http://semarc/subject/9200 850 $aSeMil 852 $aSeMil$W1$xVenegono$y1$m2B I 431$j9320$B9320$CSeMilBibl$Z2$F9320 $81 996 $6245$aLa foi chrétienne selon saint Jean$9(OLS)http://semarc/title/63316 996 $6260$aParis :$bLecoffre$9(OLS)http://semarc/publisher/29623 996 $6260$aParis :$bGabalda$9(OLS)http://semarc/publisher/29624 LEADER 01485nam a2200313 i 4500 001 000000111047 003 CaOOAMICUS 005 20030103000000.0 008 030103s1988 it u000 u ita u 013 $a83728 020 $a88-422-0123-5 040 $aSeMil$bita 245 10$aArte del Quattrocento a Chieri :$bper i restauri del battistero /$ca cura di Michela Di Macco e Giovanni Romano. 260 $aTorino :$bAllemandi,$ccopyr. 1988. 300 $a190 p. :$bill. ;$c32 cm. 490 0 $aArchivi di storia dell'arte. Archivi di arte e cultura piemontesi 500 $aFondo Card. C.M. Martini. 650 4$aChieri - Chiese - Santa Maria della Scala (Duomo) - Battistero.$0(OLS)http://semarc/subject/19803 650 4$aArte - Italia - Chieri - Sec. 15.$0(OLS)http://semarc/subject/19804 700 1 $aDi Macco, Michela.$0(OLS)http://semarc/name/46541 700 1 $aRomano, Giovanni,$c.$0(OLS)http://semarc/name/5202 830 0$aArchivi di storia dell'arte. Archivi di arte e cultura piemontesi.$0(OLS)http://semarc/title/10975 850 $aSeMil 852 $aSeMil$W1$xVenegono$y1$m5G X 3$j66882$B66882$CSeMilBibl$Z2$F74670 $81 941 1 $a4 961 $aOmaggio: Martini Card. Carlo Maria 996 $6020$a88-422-0123-5$9(OLS)http://semarc/number/93049 996 $6245$aArte del Quattrocento a Chieri :$bper i restauri del battistero$9(OLS)http://semarc/title/161525 996 $6260$aTorino :$bAllemandi$9(OLS)http://semarc/publisher/32011 LEADER 01000nam a2200205 i 4500 001 000000118271 003 CaOOAMICUS 005 20030924000000.0 008 030924s1976 it u000 u fre u 013 $a90964 040 $aSeMil$bita 245 10$aProcès apostolique :$bet petit procès pour la recherche des écrits de la Sainte. 300 $aXXIX, 611 p. + Allegato: Interrogatoire des témoins. 490 0 $aBibliotheca carmelitica. Ser. 1., Textus ;$v3 773 0 $tProcès de béatification et canonisation de Sainte Thérèse de l'enfant-Jésus et de la Sainte-Face.$dRoma : Teresianum, [1973]-1976.$g2$w()10003 830 0$aBibliotheca carmelitica. Ser. 1., Textus ;$v3.$0(OLS)http://semarc/title/13228 850 $aSeMil 852 $aSeMil$W1$xVenegono$y1$m3H V 56$j73591$B73591$CSeMilBibl$Z2$F78066 $81 961 $aOmaggio: Martini Card. Carlo Maria 996 $6245$aProcès apostolique :$bet petit procès pour la recherche des écrits de la Sainte$9(OLS)http://semarc/title/173726